MARC details
| 000 -LEADER |
| campo de control de longitud fija |
03371nam a22005177a 4500 |
| 003 - IDENTIFICADOR DE NÚMERO DE CONTROL |
| campo de control |
BO-EaUP |
| 005 - FECHA Y HORA DE LA ÚLTIMA TRANSACCIÓN |
| campo de control |
20260505141946.0 |
| 008 - DATOS DE LONGITUD FIJA--INFORMACIÓN GENERAL |
| campo de control de longitud fija |
260505b2024 ck ad|||ri||| 00| 0 spa d |
| 020 ## - NÚMERO INTERNACIONAL ESTÁNDAR DEL LIBRO |
| Número Internacional Estándar del Libro |
978-958-503-785-4 |
| 040 ## - FUENTE DE CATALOGACIÓN |
| Centro catalogador/agencia de origen |
BO-EaUP |
| Centro/agencia transcriptor |
Biblioadmiempresas |
| Normas de descripción |
RDA |
| Lengua de catalogación |
spa |
| 041 ## - CÓDIGO DE IDIOMA |
| Código de lengua del texto/banda sonora o título independiente |
spa |
| Código de lengua original |
spa |
| 043 ## - CÓDIGO DE ÁREA GEOGRÁFICA |
| Código de área geográfica |
s-ck |
| 082 ## - NÚMERO DE LA CLASIFICACIÓN DECIMAL DEWEY |
| Número de edición |
21 |
| Número de clasificación |
658.5 |
| 092 ## - ASIGNACIÓN LOCAL DE SIGNATURA TOPOGRÁFICA DEWEY (OCLC) |
| Número de clasificación |
658.5 |
| Signatura Librística |
S5874L |
| 100 ## - ENTRADA PRINCIPAL--NOMBRE DE PERSONA |
| Nombre de persona |
Silvera Escudero, Rodolfo Enrique |
| Término indicativo de función/relación |
Autor |
| 9 (RLIN) |
55 |
| 245 10 - MENCIÓN DEL TÍTULO |
| Título |
Logística XY plus. Gestión y Sostenibilidad de la Cadena de Suministro / |
| Mención de responsabilidad, etc. |
Rodolfo Silvera E. |
| 250 ## - MENCION DE EDICION |
| Mención de edición |
Primera edición |
| 260 ## - PUBLICACIÓN, DISTRIBUCIÓN, ETC. |
| Lugar de publicación, distribución, etc. |
Bogotá : |
| Nombre del editor, distribuidor, etc. |
Ecoe Edicones, |
| Fecha de publicación, distribución, etc. |
2024 |
| 300 ## - DESCRIPCIÓN FÍSICA |
| Extensión |
xxiv, 194 páginas ; |
| Otras características físicas |
Ilustraciones, cuadros, gráficos ; Tapa blanda ; |
| Dimensiones |
17 x 24 centímetros.-- (Economía, finanzas, empresa y gestión de la distribución y la logística) ; |
| Tipo de unidad |
Rústico |
| 336 ## - TIPO DE CONTENIDO |
| Fuente |
rdacontenido |
| Término de tipo de contenido |
texto |
| Código de tipo de contenido |
txt |
| 337 ## - TIPO DE MEDIO |
| Fuente |
rdamedia |
| Nombre/término del tipo de medio |
no mediado |
| Código del tipo de medio |
n |
| 338 ## - TIPO DE SOPORTE |
| Nombre/término del tipo de soporte |
volumen |
| Código del tipo de soporte |
nc |
| Fuente |
rdacarrier |
| 505 2# - NOTA DE CONTENIDO CON FORMATO |
| Nota de contenido con formato |
CAPÍTULOS 1. Planeación del servicio al cliente en la cadena de suministros.- |
| 505 2# - NOTA DE CONTENIDO CON FORMATO |
| Nota de contenido con formato |
CAPÍTULOS 2. Ubicación estratégico de los centros de distribución.- |
| 505 2# - NOTA DE CONTENIDO CON FORMATO |
| Nota de contenido con formato |
CAPÍTULOS 3. Desarrollo sostenible de la empresas en general.- |
| 505 2# - NOTA DE CONTENIDO CON FORMATO |
| Nota de contenido con formato |
CAPÍTULOS 4. Logística verde y las estrategias de generación de valor.- |
| 505 2# - NOTA DE CONTENIDO CON FORMATO |
| Nota de contenido con formato |
CAPÍTULOS 5. Economía circular y su aplicación en la logística.- |
| 505 2# - NOTA DE CONTENIDO CON FORMATO |
| Nota de contenido con formato |
CAPÍTULOS 6. La importancia de la logística colaborativa en las zonas urbanas.- |
| 505 2# - NOTA DE CONTENIDO CON FORMATO |
| Nota de contenido con formato |
CAPÍTULOS 7. Plataformas tecnológicas en zonas urbanas.- |
| 505 2# - NOTA DE CONTENIDO CON FORMATO |
| Nota de contenido con formato |
CAPÍTULOS 8. Medios de transporte terrestre en la distribución de las cargas en la logística urbana.- |
| 505 2# - NOTA DE CONTENIDO CON FORMATO |
| Nota de contenido con formato |
CAPÍTULOS 9. Estrategias de distribución y planificación.- |
| 505 2# - NOTA DE CONTENIDO CON FORMATO |
| Nota de contenido con formato |
CAPÍTULOS 10. Indicadores de gestión en la logística urbana.- |
| 505 2# - NOTA DE CONTENIDO CON FORMATO |
| Nota de contenido con formato |
CAPÍTULOS 11. Sistema de gestión de almacenamiento de mercancías.- |
| 505 2# - NOTA DE CONTENIDO CON FORMATO |
| Nota de contenido con formato |
CAPÍTULOS 12. Estudios de casos de la gestión de inventarios en CEDI.- |
| 505 2# - NOTA DE CONTENIDO CON FORMATO |
| Nota de contenido con formato |
CAPÍTULOS 13. Ejercicios generales de gestión de inventarios.-- |
| 520 ## - RESUMEN, ETC. |
| Sumario, etc. |
El libro Logística XY plus es una obra que describe en forma sistemática la sostenibilidad y la colaboración que debe existir en la cadena de suministro. Se analizan situaciones de la economía aplicada a la gestión logística, haciendo énfasis en la logística circular como pilar fundamental de la sostenibilidad de los procesos administrativos de cualquier ente económico que tenga como prioridad el servicio al cliente como herramienta en la generación de valor. |
| 521 ## - NOTA DE PÚBLICO DESTINATARIO |
| Nota de público destinatario |
Dirigido a estudiantes de Administración de Empresas, Administración Logística, Ingeniería Industrial, Economía, Administración de Negocios Internacionales. De igual forma, a estudiantes tecnólogos en Gestión Logística, coordinadores de procesos logísticos, distribución física, comercio internacional, Especialización Tecnológica en Gestión Económica de la Logística Internacional y Especialización en Logística Internacional. |
| 650 ## - PUNTO DE ACCESO ADICIONAL DE MATERIA--TÉRMINO DE MATERIA |
| Término de materia o nombre geográfico como elemento de entrada |
LOGÍSTICA EMPRESARIAL |
| 9 (RLIN) |
1651 |
| 650 ## - PUNTO DE ACCESO ADICIONAL DE MATERIA--TÉRMINO DE MATERIA |
| Término de materia o nombre geográfico como elemento de entrada |
OPERACIONES Y PROYECTOS |
| 9 (RLIN) |
5926 |
| 650 ## - PUNTO DE ACCESO ADICIONAL DE MATERIA--TÉRMINO DE MATERIA |
| Término de materia o nombre geográfico como elemento de entrada |
ADMINISTRACIÓN DE PRODUCTOS |
| 9 (RLIN) |
6220 |
| 653 ## - TÉRMINO DE INDIZACIÓN--NO CONTROLADO |
| Término no controlado |
DISTRIBUCIÓN FÍSICA DE MERCANCÍAS |
| 653 ## - TÉRMINO DE INDIZACIÓN--NO CONTROLADO |
| Término no controlado |
DESARROLLO SOSTENIBLE |
| 653 ## - TÉRMINO DE INDIZACIÓN--NO CONTROLADO |
| Término no controlado |
CONTROL DE INVENTARIOS |
| 653 ## - TÉRMINO DE INDIZACIÓN--NO CONTROLADO |
| Término no controlado |
SERVICIO AL CLIENTE |
| 942 ## - ELEMENTOS DE ENTRADA SECUNDARIOS (KOHA) |
| Fuente del sistema de clasificación o colocación |
Clasificación Decimal Dewey |
| Tipo de ítem Koha |
Libros |
| Suprimir en OPAC |
No |
| Edición |
21 |